00381nam a2200097Ia 4500008004100000020001800041100002400059245011900083260006300202300001800265180315s9999 xx 000 0 und d a9781433827143 aStowell, Jeffrey R. cAddison, William E.aActivities for teaching statistics and research methods :ba guide for psychology instructors aWashington, DC :b2017cAmerican Psychological Association axi, 133 pages